000 005130000a22001810004500
041 0 _aSPA
082 0 4 _aG 260 N321o
100 1 _aNavarrete, F.
245 1 0 _aLa organización de la iglesia según las Sagradas Escrituras / F. Navarrete
250 _a2
260 _aRijswijk, Países Bajos : Fundación Editorial de Literatura Reformada
300 _a23 Pag
001 6699
942 _cBK
999 _c36966
_d36966
336 _atexto
_btxt
_2rdacontent
337 _2rdamedia
_asin mediación
_bn
338 _2rdacarrier
_avolumen
_bnc